Social democracy in the global periphery: origins, challenges, prospects /
El documento presenta una análisis de los regímenes de la social democracia y su relación con los procesos de globalización, así como con la política, sociedad y los derechos económicos.
Saved in:
| Main Author: | |
|---|---|
| Other Authors: | |
| Format: | Text |
| Language: | Spanish |
| Published: |
Cambridge:
Cambride University Press
2007
|
| Subjects: | |
| Tags: |
Add Tag
No Tags, Be the first to tag this record!
|
MARC
| LEADER | 00000 a a2200000 04500 | ||
|---|---|---|---|
| 001 | 34470 | ||
| 003 | cru CIDCACS/IIS | ||
| 005 | 20230626084157.0 | ||
| 008 | 230626e2007 -uk||||| |||| 00| 0 spa d | ||
| 020 | |a 978-0-521-86703-0 | ||
| 040 | |c CRAI/IIS | ||
| 090 | |a 04.02.02 S198s | ||
| 100 | |a Sandbrook, Richard | ||
| 245 | |a Social democracy in the global periphery: origins, challenges, prospects / |c Richard Sandbrook | ||
| 260 | |a Cambridge: |b Cambride University Press |c 2007 | ||
| 300 | |a 289 páginas | ||
| 520 | |a El documento presenta una análisis de los regímenes de la social democracia y su relación con los procesos de globalización, así como con la política, sociedad y los derechos económicos. | ||
| 650 | 0 | |9 6126 |a SOCIAL - DEMOCRACIA | |
| 650 | 0 | |9 143 |a ECONOMIA | |
| 650 | 0 | |9 388 |a GLOBALIZACION | |
| 650 | 0 | |9 3691 |a POLITICA | |
| 700 | |a Edelman, Marc |a Heller, Patrick |a Teichman, Judith | ||
| 942 | |2 ddc |c LI |h 04.02.02 S198s |i 02582 |6 040202_S198S_02582 | ||
| 999 | |c 1000 |d 1000 | ||



